Twenty First Century Tools for (Record no. 3067)

MARC details
000 -LEADER
fixed length control field 00361nam a2200157Ia 4500
003 - CONTROL NUMBER IDENTIFIER
control field OSt
008 - FIXED-LENGTH DATA ELEMENTS--GENERAL INFORMATION
fixed length control field 191201s2007 xx 000 0 und d
082 ## - DEWEY DECIMAL CLASSIFICATION NUMBER
Classification number 651.7
Item number BOT
100 ## - MAIN ENTRY--PERSONAL NAME
Personal name BOOHER, Dianna
245 #0 - TITLE STATEMENT
Title Twenty First Century Tools for
250 ## - EDITION STATEMENT
Edition statement 1st
260 ## - PUBLICATION, DISTRIBUTION, ETC. (IMPRINT)
Place of publication, distribution, etc New Delhi
Name of publisher, distributor, etc Macmillan
Date of publication, distribution, etc 2007
300 ## - PHYSICAL DESCRIPTION
Extent 383
650 ## - SUBJECT ADDED ENTRY--TOPICAL TERM
Topical term or geographic name as entry element B.Tech(IT)
942 ## - ADDED ENTRY ELEMENTS (KOHA)
Source of classification or shelving scheme Dewey Decimal Classification
Koha item type Text Books
Holdings
Withdrawn status Lost status Source of classification or shelving scheme Damaged status Not for loan Collection code Home library Current library Date acquired Source of acquisition Cost, normal purchase price Bill Number Total Checkouts Full call number Acc. no. / Barcode Date last seen Bill Date Koha item type Public note Date last borrowed
    Dewey Decimal Classification     GENERAL PIET C-LIBRARY PIET C-LIBRARY 22/08/2007 J B C, New Delhi 280.00 719   651.7 BOT 7221 04/12/2019 30/07/2007 Text Books Language  
    Dewey Decimal Classification     GENERAL PIET C-LIBRARY PIET C-LIBRARY 22/08/2007 J B C, New Delhi 280.00 719   651.7 BOT 7222 04/12/2019 30/07/2007 Text Books Language  
    Dewey Decimal Classification     GENERAL PIET C-LIBRARY PIET C-LIBRARY 22/08/2007 J B C, New Delhi 280.00 719   651.7 BOT 7223 04/12/2019 30/07/2007 Text Books Language  
    Dewey Decimal Classification     GENERAL PIET C-LIBRARY PIET C-LIBRARY 22/08/2007 J B C, New Delhi 280.00 719 1 651.7 BOT 7224 15/04/2021 30/07/2007 Text Books Language 17/02/2021
    Dewey Decimal Classification     GENERAL PIET C-LIBRARY PIET C-LIBRARY 22/08/2007 J B C, New Delhi 280.00 719   651.7 BOT 7225 04/12/2019 30/07/2007 Text Books Language  
    Dewey Decimal Classification     GENERAL PIET C-LIBRARY PIET C-LIBRARY 22/08/2007 J B C, New Delhi 280.00 719   651.7 BOT 7226 04/12/2019 30/07/2007 Text Books Language  

Design & Developed by: PIET Central Library
R70 Miles Stone Pattikalyana Samalkha Panipat 132102
mail ID :- [email protected], Phone No:- 0180-2569700 Ex.216